Statistiques concernant Quels sont ces légumes ?

Cliquez ici pour prendre le quiz!

Statistiques générales

  • Ce quiz a été pris 1 008 fois
  • Le résultat moyen est 6 sur 12

Statistiques - réponses

Réponse% Correct
Radis
96%
Asperge
95%
Navet
83%
Fenouil
69%
Echalote
55%
Panais
46%
Blette
39%
Chou romanesco
37%
Potimarron
36%
Topinambour
33%
Edamame
15%
Chayote
5%

Distribution des résultats

Percentile par nombre de réponses

% des personnes avec chaque résultat

Votre développement - résultats

Vous n’avez pas pris ce quiz